The algebra of infinite justice / (Record no. 522720)

000 -LEADER
fixed length control field 01730cam a2200421 a 4500
001 - CONTROL NUMBER
control field 14170193
003 - CONTROL NUMBER IDENTIFIER
control field NUST
005 - DATE AND TIME OF LATEST TRANSACTION
control field 20190103061445.0
008 - FIXED-LENGTH DATA ELEMENTS--GENERAL INFORMATION
fixed length control field 030204s2002 enkb b 000 0 eng
010 ## - LIBRARY OF CONGRESS CONTROL NUMBER
LC control number 2005472823
020 ## - INTERNATIONAL STANDARD BOOK NUMBER
International Standard Book Number 9780143029076
035 ## - SYSTEM CONTROL NUMBER
System control number (OCoLC)ocm51572099
038 ## - RECORD CONTENT LICENSOR
Staff Name Arshad
040 ## - CATALOGING SOURCE
Original cataloging agency DLC
Transcribing agency DLC
Modifying agency DLC
043 ## - GEOGRAPHIC AREA CODE
Geographic area code a-ii---
050 00 - LIBRARY OF CONGRESS CALL NUMBER
Classification number DS480.853
Item number .R68 2002
082 00 - DEWEY DECIMAL CLASSIFICATION NUMBER
Classification number 954.052
Author Mark ROY
100 1# - MAIN ENTRY--PERSONAL NAME
Personal name Roy, Arundhati.
9 (RLIN) 12936
240 10 - UNIFORM TITLE
Uniform title Essays.
Form subheading Selections
245 14 - TITLE STATEMENT
Title The algebra of infinite justice /
Statement of responsibility, etc. Arundhati Roy ; with a foreword by John Berger.
250 ## - EDITION STATEMENT
Edition statement [Rev. ed.].
260 ## - PUBLICATION, DISTRIBUTION, ETC.
Place of publication, distribution, etc. London :
Name of publisher, distributor, etc. Flamingo,
Date of publication, distribution, etc. 2002.
300 ## - PHYSICAL DESCRIPTION
Extent xxiii, 335 p. :
Other physical details maps ;
Dimensions 20 cm.
500 ## - GENERAL NOTE
General note "Original."
500 ## - GENERAL NOTE
General note Previously published: New Delhi : Viking, 2001.
500 ## - GENERAL NOTE
General note Collection of essays, most of which originally appeared in Outlook and Frontline magazines.
504 ## - BIBLIOGRAPHY, ETC. NOTE
Bibliography, etc. note Includes bibliographical references (p. [301]-332).
505 0# - FORMATTED CONTENTS NOTE
Formatted contents note The end of imagination -- The greater common good -- Power politics -The ladies have feelings, so-- -- The algebra of infinite justice -- War is peace -- Democracy -- War talk -- Come September.
650 #0 - SUBJECT ADDED ENTRY--TOPICAL TERM
Topical term or geographic name entry element Nuclear weapons
General subdivision Moral and ethical aspects
Geographic subdivision India.
9 (RLIN) 12937
650 #0 - SUBJECT ADDED ENTRY--TOPICAL TERM
Topical term or geographic name entry element War on Terrorism, 2001-2009
General subdivision Moral and ethical aspects.
9 (RLIN) 12938
650 #0 - SUBJECT ADDED ENTRY--TOPICAL TERM
Topical term or geographic name entry element Globalization.
9 (RLIN) 7773
650 #0 - SUBJECT ADDED ENTRY--TOPICAL TERM
Topical term or geographic name entry element Justice.
9 (RLIN) 12939
651 #0 - SUBJECT ADDED ENTRY--GEOGRAPHIC NAME
Geographic name India
General subdivision Politics and government
Chronological subdivision 1977-
9 (RLIN) 950
651 #0 - SUBJECT ADDED ENTRY--GEOGRAPHIC NAME
Geographic name India
General subdivision Economic conditions
Chronological subdivision 1947-
9 (RLIN) 5179
906 ## - LOCAL DATA ELEMENT F, LDF (RLIN)
a 7
b cbc
c origres
d 2
e ncip
f 20
g y-gencatlg
942 ## - ADDED ENTRY ELEMENTS (KOHA)
Source of classification or shelving scheme
Koha item type Book
Holdings
Withdrawn status Lost status Source of classification or shelving scheme Damaged status Not for loan Permanent Location Current Location Shelving location Date acquired Total Checkouts Full call number Barcode Date last seen Date last checked out Copy number Price effective from Koha item type
          Central Library (CL) Central Library (CL) Book Cart 01/03/2019 3 954.052 ROY CL1609 03/05/2020 02/15/2020 1 01/03/2019 Book
© 2023 Central Library, National University of Sciences and Technology. All Rights Reserved.